| 000 | 00555nrm a2200205 ia4500 | ||
|---|---|---|---|
| 005 | 20231106112505.0 | ||
| 008 | 231018s2023 ja gleng d | ||
| 024 | _cRM 50.00 | ||
| 040 |
_beng _cPPAK |
||
| 082 | 0 | 4 |
_a793.4 _223 |
| 090 | 0 | 0 |
_a793.4 _bBOX _dRK |
| 245 | 0 | 0 | _aBoxing Court (Canvas) |
| 264 | 1 |
_aOsaka, Japan : _bArtec Co., Ltd., _c2023 |
|
| 300 | _a1 canvas | ||
| 336 |
_aobject _2rdacontent |
||
| 337 |
_aunmediated _2rdamedia |
||
| 338 |
_avolume _2rdacarrier |
||
| 650 | 1 | 0 | _aGames of action |
| 942 |
_2ddc _cGAM |
||
| 999 |
_c193395 _d193395 |
||